00924nam a2200289Ia 450000500170000000800410001702000180005802000150007610000270009124500550011825000360017330000250020949000210023450000330025558600330028865000430032165000470036465000330041194200150044426400260045933600270048533700330051233800280054504000350057308400110060899900150061920220317001400.0161108s9999 ck g 000 0 spa  a9789584218513 a95842185141 aBelli, Giocondad1948-13aEl infinito en la palma de la manocGioconda Belli a1a. ediciónb3a reimpresión a237 páginasc23 cm aBiblioteca breve aIncluye breve bibliografía aPremio Biblioteca Breve 2008142LEMBaNovela nicaragüense ySiglo XX142LEMBaLiteratura nicaragüense ySiglo XX142LEMBaAmor en la literatura  2loccBKLIT aBogotábSeix Barral atextobtxt2rdacontent asin mediaciónbn2rdamedia avolumenbnc2rdacarrier aCO-BoRNBPbspaerdacCO-BoRNBP aN BEL6 c6797d6797